000 00465nam a2200181Ia 4500
001 4201
005 20260306145738.0
008 260306t2005||||xx |||||||||||||| ||spa||
041 _aESP
082 _a320.01
_bA46
100 _aAltini, Carlo
_eAUT
245 0 _aLa fábrica de la soberanía :
_bMaquiavelo, Hobbes, Spinoza y otros modernos
260 _c2005
300 _a252 páginas :
_c21 cm.
650 _aGEN
654 _aCDE
942 _cLIB
_dJUS
_fJUS
_2ddc
_n
999 _c4201
_d4201